| 000 | 00432cam a2200181 4500 | ||
|---|---|---|---|
| 001 | D13643 | ||
| 008 | 090401t1948 xxu||||| |||| 00| 0 eng d | ||
| 035 | _a(Sirsi) u10962 | ||
| 041 | _aeng | ||
| 100 | _aPotter, H. | ||
| 245 | 4 | _aThe principles of land law under the Land Registration Act 1925 | |
| 250 | _a2nd | ||
| 260 |
_bSweet & Maxwell _c1948 |
||
| 350 | _a0 | ||
| 520 | _aShelf 133 | ||
| 942 | _n0 | ||
| 948 | _c04/03/1997 | ||
| 999 |
_c86789 _d86789 |
||